| 000 | 00512nam a2200169Ia 4500 | ||
|---|---|---|---|
| 003 | GCL | ||
| 008 | 140319s9999 xx 000 0 ara d | ||
| 040 |
_aGCL / _cGCL |
||
| 082 | 0 | 4 |
_a320.11 _bخ ت |
| 100 | 1 | _aخليل احمد خليل | |
| 245 | 1 | 0 |
_aتاريخ الافكار السياسية / _cخليل احمد خليل |
| 300 | _a623 ص | ||
| 490 |
_aسلسلة الدراسات التاريخية و الايدلوجية _v0 |
||
| 650 | 0 | 4 | _aالسياسة |
| 650 | 0 | 4 | _aالدولة |
| 942 |
_2ddc _cBK |
||
| 999 |
_c41728 _d41728 |
||